Normal view
MARC view
Entry Topical Term
001 - CONTROL NUMBER
- control field: 977958
003 - CONTROL NUMBER IDENTIFIER
- control field:
005 - DATE AND TIME OF LATEST TRANSACTION
- control field: 20210627113156.0
008 - FIXED-LENGTH DATA ELEMENTS
- fixed length control field: 210627|| aca||aabn | a|a d
040 ## - CATALOGING SOURCE
- Original cataloging agency:
- Transcribing agency:
150 ## - HEADING--TOPICAL TERM
- Topical term or geographic name entry element: Mathematical analysis
- General subdivision: Congresses
670 ## - SOURCE DATA FOUND
- Source citation: Work cat.: ()857588: Colloquium on Mathematical Analysis (1970 : Jyvaskyla, Finland). 977957, Topics in analysis :, 1974
